Ποιός σκότωσε τον Όμηρο; : ο θάνατος της κλασικής παιδείας και η αποκατάσταση της ελληνικής σοφίας
Αποθηκεύτηκε σε:
| Κύριος συγγραφέας: | |
|---|---|
| Άλλοι συγγραφείς: | |
| Μορφή: | Βιβλίο |
| Γλώσσα: | Greek English |
| Δημοσίευση: |
Αθήνα :
Κάκτος,
c1999
|
| Θέματα: | |
| Ετικέτες: |
Προσθήκη ετικέτας
Δεν υπάρχουν, Καταχωρήστε ετικέτα πρώτοι!
|
MARC
| LEADER | 00000cam a2200000 i 4500 | ||
|---|---|---|---|
| 001 | 1/84714 | ||
| 008 | 050905s1999 gre d | ||
| 020 | |a 960-352-545-6 | ||
| 035 | |l 10080089 | ||
| 040 | |a GR-MY-UA |b gre |e aacr | ||
| 041 | 1 | |a gre |h eng | |
| 082 | 0 | |a 480.71 |2 (23) | |
| 100 | 1 | |a Hanson, Victor Davis. | |
| 245 | 1 | 0 | |a Ποιός σκότωσε τον Όμηρο; : |b ο θάνατος της κλασικής παιδείας και η αποκατάσταση της ελληνικής σοφίας / |c Victor Davis Hanson, John Heath ; μετάφραση Ρένα Καρακατσάνη ; επιμέλεια Φιλολογική Ομάδα Κάκτου |
| 260 | |a Αθήνα : |b Κάκτος, |c c1999 | ||
| 300 | |a 356 σ.; |c 24 εκ. | ||
| 500 | |a Τίτλος πρωτοτύπου: Who killed Homer? The demise of classical education and the recovery of Greek wisdom | ||
| 600 | 0 | 0 | |a Όμηρος |d 8ος αι. π.Χ. |x Appreciation |z United States. |
| 650 | 0 | 0 | |a Classical education |z United States. |
| 650 | 0 | 0 | |a Classicists |z United States. |
| 650 | 0 | 0 | |a Classical philology |x Study and teaching |z United States. |
| 650 | 0 | 0 | |a Greek philology |x Study and teaching |z United States. |
| 650 | 0 | 0 | |a Civilization, Western |x Greek influences. |
| 651 | 0 | |a United States |x Civilization |x Greek influences. | |
| 700 | 1 | |a Heath, John, |d 1955- | |
| 852 | |a INST |b RHODES |c KRI |e 20050905 |h 480.071 HAN |p 005400022644 |q 005400022644 |t BK |y 0 | ||
| 852 | |a INST |b SYROS |e 20140711 |h 480.71 HAN |p 005500011556 |q 005500011556 |t BK |y 0 | ||
| 901 | |a BIBL5-2014-2 | ||
| 901 | |a BIBL4-2005-3 | ||
| 909 | |a Ε |b 187006 | ||
| 909 | |a Ρ |b 122136 | ||
| 970 | |a ΚΟΖΑ |b ΜΑΡΙΑ |z 2005/09/05 | ||